50 Nomes mais populares do Brasil começando com S - Statistics

Estatísticas Gerais
  • Esse quiz foi jogado 472 vezes
  • A pontuação média é 24 de 50
Estatísticas das Respostas
# NOMES FREQUÊNCIA % Correto
1 Sandra 480.379
85%
17 Sandro 125.411
80%
3 Sérgio 404.991
77%
10 Silvia 204.496
77%
14 Silvio 141.010
77%
8 Sara/Sarah 270.514
73%
6 Samuel 293.243
71%
4 Sônia 355.219
71%
21 Suzana/Susana 97.380
70%
18 Samara 110.523
66%
12 Sabrina 179.643
65%
9 Silvana 223.894
65%
5 Simone 340.499
65%
22 Sofia/Sophia 97.311
64%
38 Samanta 29.160
60%
23 Suelen/Suellen 95.901
60%
11 Solange 200.064
59%
28 Saulo 46.202
58%
20 Selma 102.364
58%
31 Samira 38.253
57%
35 Soraia 33.159
55%
7 Sueli/Suely 278.157
54%
2 Sebastião 462.505
53%
39 Sávio 24.125
49%
37 Silvano 31.658
46%
15 Sidnei/Sidney 131.344
44%
24 Sheila 86.161
43%
30 Silmara 45.147
43%
16 Sebastiana 128.769
42%
42 Suzane 14.909
42%
40 Santa 22.832
40%
32 Silas 34.591
39%
47 Simão 11.635
37%
13 Severino 170.695
35%
25 Shirley/Shirlei 63.148
35%
43 Sâmia 14.629
34%
26 Sirlei/Sirley 60.807
34%
27 Salete 48.215
33%
19 Severina 106.391
33%
36 Stefany/Stephanie 32.654
33%
45 Salomão 13.225
32%
33 Salvador 33.395
32%
29 Sirlene 45.299
31%
50 Sandy 10.704
29%
44 Silene 14.487
25%
34 Socorro 33.237
25%
41 Santina 20.457
23%
48 Sinval 11.465
21%
49 Sandoval 11.033
16%
46 Silvestre 12.875
13%
Nenhum quiz correspondente encontrado
Distribuição das Pontuações
Porcentagem de Pessoas com Cada Pontuação
Percentil de Números Respondidos
Sua Pontuação Histórica
Você não jogou esse quiz